000 00386nam a2200157Ia 4500
008 151213s9999 xx 000 0 und d
100 _aEdward Shopiro
245 _aMicroeconomics Analysis
_cEdward Shopiro
250 _a9th
260 _aNew Delhi
_bGalgotia
_c2003
300 _a2163 p.
650 _aEconomics
650 _aEconomics
700 _aEdward Shopiro
999 _c1585
_d1585